BTS Song Titles - Fill in the Blank #3 - Statistics

General Stats
  • This quiz has been taken 7 times
  • The average score is 16 of 20
Answer Stats
Song % Correct
134{3}40
100%
{21st} Century Girl
100%
{Best} Of Me
100%
First {Love}
100%
House Of {Cards} (Full Length Edition)
100%
I {Need} U
100%
Magic {Shop}
100%
{Make} It Right
100%
{Stay} Gold
100%
A Supplementary Story: You Never {Walk} Alone
83%
Film {out}
83%
I'm {Fine}
83%
24/7={Heaven}
67%
{BTS} Cypher Pt. 1
67%
{Fly} To My Room
67%
For {You}
67%
Heart{beat}
67%
Let Me {Know}
50%
Like {Animals}
50%
{Miss} Right
33%
No matching quizzes found
Score Distribution
Percent of People with Each Score
Percentile by Number Answered
Your Score History
You have not taken this quiz